<?xml version="1.0" encoding="UTF-8"?>
<record
    xmlns:xsi="http://www.w3.org/2001/XMLSchema-instance"
    xsi:schemaLocation="http://www.loc.gov/MARC21/slim http://www.loc.gov/standards/marcxml/schema/MARC21slim.xsd"
    xmlns="http://www.loc.gov/MARC21/slim">

  <leader>01959cam a2200361 i 4500</leader>
  <controlfield tag="001">21701009</controlfield>
  <controlfield tag="003">OSt</controlfield>
  <controlfield tag="005">20240306101921.0</controlfield>
  <controlfield tag="008">200903r20212015mau      b    001 0 eng  </controlfield>
  <datafield tag="010" ind1=" " ind2=" ">
    <subfield code="a">  2020040786</subfield>
  </datafield>
  <datafield tag="020" ind1=" " ind2=" ">
    <subfield code="a">9780262542623</subfield>
    <subfield code="q">(paperback)</subfield>
  </datafield>
  <datafield tag="042" ind1=" " ind2=" ">
    <subfield code="a">pcc</subfield>
  </datafield>
  <datafield tag="050" ind1="0" ind2="0">
    <subfield code="a">TK7895.E43</subfield>
    <subfield code="b">G74 2021</subfield>
  </datafield>
  <datafield tag="082" ind1="0" ind2="0">
    <subfield code="a">384.3</subfield>
    <subfield code="2">23</subfield>
  </datafield>
  <datafield tag="100" ind1="1" ind2=" ">
    <subfield code="a">Greengard, Samuel,</subfield>
    <subfield code="e">author.</subfield>
    <subfield code="9">119124</subfield>
  </datafield>
  <datafield tag="245" ind1="1" ind2="4">
    <subfield code="a">Internet of Things </subfield>
    <subfield code="c">Samuel Greengard.</subfield>
  </datafield>
  <datafield tag="250" ind1=" " ind2=" ">
    <subfield code="a">Revised and updated edition.</subfield>
  </datafield>
  <datafield tag="260" ind1=" " ind2=" ">
    <subfield code="a">Cambridge, Massachusetts :</subfield>
    <subfield code="b">The MIT Press,</subfield>
    <subfield code="c">2021</subfield>
  </datafield>
  <datafield tag="264" ind1=" " ind2="1">
    <subfield code="a">Cambridge, Massachusetts :</subfield>
    <subfield code="b">The MIT Press,</subfield>
    <subfield code="c">[2021]</subfield>
  </datafield>
  <datafield tag="300" ind1=" " ind2=" ">
    <subfield code="a">pp,270</subfield>
  </datafield>
  <datafield tag="336" ind1=" " ind2=" ">
    <subfield code="a">text</subfield>
    <subfield code="b">txt</subfield>
    <subfield code="2">rdacontent</subfield>
  </datafield>
  <datafield tag="337" ind1=" " ind2=" ">
    <subfield code="a">unmediated</subfield>
    <subfield code="b">n</subfield>
    <subfield code="2">rdamedia</subfield>
  </datafield>
  <datafield tag="338" ind1=" " ind2=" ">
    <subfield code="a">volume</subfield>
    <subfield code="b">nc</subfield>
    <subfield code="2">rdacarrier</subfield>
  </datafield>
  <datafield tag="490" ind1="0" ind2=" ">
    <subfield code="a">The MIT press essential knowledge series</subfield>
  </datafield>
  <datafield tag="504" ind1=" " ind2=" ">
    <subfield code="a">Includes bibliographical references (pages 243-253) and index.</subfield>
  </datafield>
  <datafield tag="505" ind1="0" ind2=" ">
    <subfield code="a">The Internet of Things changes everything -- Digital technologies converge -- How the IoT works -- Consumer devices get smart -- The Fourth Industrial Revolution emerges -- Realities and repercussions -- A connected future takes shape.</subfield>
  </datafield>
  <datafield tag="520" ind1=" " ind2=" ">
    <subfield code="a">"An updated version of Greengard's The Internet of Things (2015), which offers a more holistic look at the Internet of Things: tracing the origins of connected devices, examining the current state of research and development, offering examples and case studies of devices, and examining how the IoT will play out in the months and years ahead"--</subfield>
    <subfield code="c">Provided by publisher.</subfield>
  </datafield>
  <datafield tag="650" ind1=" " ind2="0">
    <subfield code="a">Embedded computer systems</subfield>
    <subfield code="v">Popular works.</subfield>
    <subfield code="9">119125</subfield>
  </datafield>
  <datafield tag="650" ind1=" " ind2="0">
    <subfield code="a">Internet of things</subfield>
    <subfield code="v">Popular works.</subfield>
    <subfield code="9">119126</subfield>
  </datafield>
  <datafield tag="906" ind1=" " ind2=" ">
    <subfield code="a">7</subfield>
    <subfield code="b">cbc</subfield>
    <subfield code="c">orignew</subfield>
    <subfield code="d">1</subfield>
    <subfield code="e">ecip</subfield>
    <subfield code="f">20</subfield>
    <subfield code="g">y-gencatlg</subfield>
  </datafield>
  <datafield tag="942" ind1=" " ind2=" ">
    <subfield code="2">ddc</subfield>
    <subfield code="c">BK</subfield>
  </datafield>
  <datafield tag="999" ind1=" " ind2=" ">
    <subfield code="c">97447</subfield>
    <subfield code="d">97447</subfield>
  </datafield>
  <datafield tag="952" ind1=" " ind2=" ">
    <subfield code="0">0</subfield>
    <subfield code="1">0</subfield>
    <subfield code="2">ddc</subfield>
    <subfield code="4">0</subfield>
    <subfield code="7">0</subfield>
    <subfield code="8">MCA</subfield>
    <subfield code="a">001</subfield>
    <subfield code="b">001</subfield>
    <subfield code="d">2023-01-30</subfield>
    <subfield code="e">Om Book Stall,Pune</subfield>
    <subfield code="g">1169.00</subfield>
    <subfield code="i">226</subfield>
    <subfield code="l">6</subfield>
    <subfield code="m">1</subfield>
    <subfield code="o">384.3</subfield>
    <subfield code="p">KBJP-BK-2464</subfield>
    <subfield code="r">2024-04-30 00:00:00</subfield>
    <subfield code="s">2024-04-24</subfield>
    <subfield code="t">15%</subfield>
    <subfield code="v">1375.29</subfield>
    <subfield code="w">2023-01-30</subfield>
    <subfield code="y">BK</subfield>
    <subfield code="z">2464</subfield>
  </datafield>
  <datafield tag="952" ind1=" " ind2=" ">
    <subfield code="0">0</subfield>
    <subfield code="1">0</subfield>
    <subfield code="2">ddc</subfield>
    <subfield code="4">0</subfield>
    <subfield code="7">0</subfield>
    <subfield code="8">MCA</subfield>
    <subfield code="a">001</subfield>
    <subfield code="b">001</subfield>
    <subfield code="d">2023-01-30</subfield>
    <subfield code="e">Om Book Stall,Pune</subfield>
    <subfield code="g">1169.00</subfield>
    <subfield code="i">226</subfield>
    <subfield code="l">5</subfield>
    <subfield code="m">1</subfield>
    <subfield code="o">384.3</subfield>
    <subfield code="p">KBJP-BK-2465</subfield>
    <subfield code="r">2024-02-13 00:00:00</subfield>
    <subfield code="s">2024-02-09</subfield>
    <subfield code="t">15%</subfield>
    <subfield code="v">1375.29</subfield>
    <subfield code="w">2023-01-30</subfield>
    <subfield code="y">BK</subfield>
    <subfield code="z">2465</subfield>
  </datafield>
  <datafield tag="952" ind1=" " ind2=" ">
    <subfield code="0">0</subfield>
    <subfield code="1">0</subfield>
    <subfield code="2">ddc</subfield>
    <subfield code="4">0</subfield>
    <subfield code="7">0</subfield>
    <subfield code="8">MCA</subfield>
    <subfield code="a">001</subfield>
    <subfield code="b">001</subfield>
    <subfield code="d">2023-01-30</subfield>
    <subfield code="e">Om Book Stall,Pune</subfield>
    <subfield code="g">1169.00</subfield>
    <subfield code="i">226</subfield>
    <subfield code="l">4</subfield>
    <subfield code="m">1</subfield>
    <subfield code="o">384.3</subfield>
    <subfield code="p">KBJP-BK-2466</subfield>
    <subfield code="r">2024-10-22 00:00:00</subfield>
    <subfield code="s">2024-10-16</subfield>
    <subfield code="t">15%</subfield>
    <subfield code="v">1375.29</subfield>
    <subfield code="w">2023-01-30</subfield>
    <subfield code="y">BK</subfield>
    <subfield code="z">2466</subfield>
  </datafield>
  <datafield tag="952" ind1=" " ind2=" ">
    <subfield code="0">0</subfield>
    <subfield code="1">0</subfield>
    <subfield code="2">ddc</subfield>
    <subfield code="4">0</subfield>
    <subfield code="7">0</subfield>
    <subfield code="8">MCA</subfield>
    <subfield code="a">001</subfield>
    <subfield code="b">001</subfield>
    <subfield code="d">2023-01-30</subfield>
    <subfield code="e">Om Book Stall,Pune</subfield>
    <subfield code="g">1169.00</subfield>
    <subfield code="i">226</subfield>
    <subfield code="l">7</subfield>
    <subfield code="m">2</subfield>
    <subfield code="o">384.3</subfield>
    <subfield code="p">KBJP-BK-2467</subfield>
    <subfield code="r">2026-03-25 15:55:23</subfield>
    <subfield code="s">2026-03-25</subfield>
    <subfield code="t">15%</subfield>
    <subfield code="v">1375.29</subfield>
    <subfield code="w">2023-01-30</subfield>
    <subfield code="y">BK</subfield>
    <subfield code="z">2467</subfield>
  </datafield>
  <datafield tag="952" ind1=" " ind2=" ">
    <subfield code="0">0</subfield>
    <subfield code="1">0</subfield>
    <subfield code="2">ddc</subfield>
    <subfield code="4">0</subfield>
    <subfield code="7">0</subfield>
    <subfield code="8">MCA</subfield>
    <subfield code="a">001</subfield>
    <subfield code="b">001</subfield>
    <subfield code="d">2023-01-30</subfield>
    <subfield code="e">Om Book Stall,Pune</subfield>
    <subfield code="g">1169.00</subfield>
    <subfield code="i">226</subfield>
    <subfield code="l">5</subfield>
    <subfield code="o">384.3</subfield>
    <subfield code="p">KBJP-BK-2468</subfield>
    <subfield code="r">2025-02-24 00:00:00</subfield>
    <subfield code="s">2025-02-17</subfield>
    <subfield code="t">15%</subfield>
    <subfield code="v">1375.29</subfield>
    <subfield code="w">2023-01-30</subfield>
    <subfield code="y">BK</subfield>
    <subfield code="z">2468</subfield>
  </datafield>
  <datafield tag="952" ind1=" " ind2=" ">
    <subfield code="0">0</subfield>
    <subfield code="1">0</subfield>
    <subfield code="2">ddc</subfield>
    <subfield code="4">0</subfield>
    <subfield code="7">0</subfield>
    <subfield code="a">001</subfield>
    <subfield code="b">001</subfield>
    <subfield code="d">2024-01-15</subfield>
    <subfield code="e">Vaibhav Book House,Pune</subfield>
    <subfield code="g">1244.10</subfield>
    <subfield code="i">1059</subfield>
    <subfield code="l">3</subfield>
    <subfield code="m">1</subfield>
    <subfield code="p">KBJP-BK-2587</subfield>
    <subfield code="r">2025-01-17 00:00:00</subfield>
    <subfield code="s">2025-01-03</subfield>
    <subfield code="t">22%</subfield>
    <subfield code="v">1595.00</subfield>
    <subfield code="w">2024-01-15</subfield>
    <subfield code="y">BK</subfield>
    <subfield code="z">2587</subfield>
  </datafield>
  <datafield tag="952" ind1=" " ind2=" ">
    <subfield code="0">0</subfield>
    <subfield code="1">0</subfield>
    <subfield code="2">ddc</subfield>
    <subfield code="4">0</subfield>
    <subfield code="7">0</subfield>
    <subfield code="a">001</subfield>
    <subfield code="b">001</subfield>
    <subfield code="d">2024-01-15</subfield>
    <subfield code="e">Vaibhav Book House,Pune</subfield>
    <subfield code="g">1244.10</subfield>
    <subfield code="i">1059</subfield>
    <subfield code="p">KBJP-BK-2583</subfield>
    <subfield code="r">2024-02-09 00:00:00</subfield>
    <subfield code="t">22%</subfield>
    <subfield code="v">1595.00</subfield>
    <subfield code="w">2024-01-15</subfield>
    <subfield code="y">BK</subfield>
    <subfield code="z">2583</subfield>
  </datafield>
  <datafield tag="952" ind1=" " ind2=" ">
    <subfield code="0">0</subfield>
    <subfield code="1">0</subfield>
    <subfield code="2">ddc</subfield>
    <subfield code="4">0</subfield>
    <subfield code="7">0</subfield>
    <subfield code="a">001</subfield>
    <subfield code="b">001</subfield>
    <subfield code="d">2024-01-15</subfield>
    <subfield code="e">Vaibhav Book House,Pune</subfield>
    <subfield code="g">1244.10</subfield>
    <subfield code="i">1059</subfield>
    <subfield code="p">KBJP-BK-2584</subfield>
    <subfield code="r">2024-02-09 00:00:00</subfield>
    <subfield code="t">22%</subfield>
    <subfield code="v">1595.00</subfield>
    <subfield code="w">2024-01-15</subfield>
    <subfield code="y">BK</subfield>
    <subfield code="z">2584</subfield>
  </datafield>
  <datafield tag="952" ind1=" " ind2=" ">
    <subfield code="0">0</subfield>
    <subfield code="1">0</subfield>
    <subfield code="2">ddc</subfield>
    <subfield code="4">0</subfield>
    <subfield code="7">0</subfield>
    <subfield code="a">001</subfield>
    <subfield code="b">001</subfield>
    <subfield code="d">2024-01-15</subfield>
    <subfield code="e">Vaibhav Book House,Pune</subfield>
    <subfield code="g">1244.10</subfield>
    <subfield code="i">1059</subfield>
    <subfield code="l">3</subfield>
    <subfield code="m">3</subfield>
    <subfield code="p">KBJP-BK-2586</subfield>
    <subfield code="r">2025-02-18 00:00:00</subfield>
    <subfield code="s">2025-01-29</subfield>
    <subfield code="t">22%</subfield>
    <subfield code="v">1595.00</subfield>
    <subfield code="w">2024-01-15</subfield>
    <subfield code="y">BK</subfield>
    <subfield code="z">2586</subfield>
  </datafield>
  <datafield tag="952" ind1=" " ind2=" ">
    <subfield code="0">0</subfield>
    <subfield code="1">0</subfield>
    <subfield code="2">ddc</subfield>
    <subfield code="4">0</subfield>
    <subfield code="7">0</subfield>
    <subfield code="a">001</subfield>
    <subfield code="b">001</subfield>
    <subfield code="d">2024-01-15</subfield>
    <subfield code="e">Vaibhav Book House,Pune</subfield>
    <subfield code="g">1244.10</subfield>
    <subfield code="i">1059</subfield>
    <subfield code="l">2</subfield>
    <subfield code="p">KBJP-BK-2585</subfield>
    <subfield code="r">2026-01-16 13:38:42</subfield>
    <subfield code="s">2026-01-16</subfield>
    <subfield code="t">22%</subfield>
    <subfield code="v">1595.00</subfield>
    <subfield code="w">2024-01-15</subfield>
    <subfield code="y">BK</subfield>
    <subfield code="z">2585</subfield>
  </datafield>
</record>
